00428nam a2200181Ia 4500008004100000020001800041050001400059100002100073245002800094245002500122260001500147260001600162260000900178300001400187300002700201300001000228500000800238170918s9999 xx 000 0 und d a978043909836x bP762 1998 aPolaco, Patricia aThank you, Mr. Falker / cby Patricia Polacco. aNew York : bScholastic, c1998 aunpaged : bcolored illustration ; c28cm. a650